000
00300nam a2200133Ia 4500
100
_a
Runck/ R.R. ed.
942
_c
BK
654
_a
Tool presetting
245
_a
Premachining Planning And Tool Presetting
260
_b
Astme
_a
Michigan
_c
1967
082
_a
621.9
300
_a
74
546
_a
ENGLISH
999
_c
20381
_d
20381